Lidová a praktická škola na křídlovku C-B, trompetu C-B a baskřídlovku C-b se zřetelem na samouky /

Hlavní autor: Pilát, František, 1874-1942
Jazyk: Čeština
Vydáno: Brno : Jaroslav Stožický, [1943?]
Vydání: Nové opr. 2. vyd.
Fyzický popis: 56 s.
Hudebniny Hudebniny
Uloženo v:
LEADER 00777ncm a22002172a 4500
001 001136290
003 CZ BrMZK
005 20110124102839.0
007 qu
008 000105s1943 xr f cze d
040 |a BOA001  |b cze 
072 7 |a 788  |x Hudba pro dechové nástroje  |2 Konspekt  |9 9 
100 1 |a Pilát, František,  |d 1874-1942  |7 jx20090731005  |4 cmp 
245 1 0 |a Lidová a praktická škola na křídlovku C-B, trompetu C-B a baskřídlovku C-b  |h [hudebnina] :  |b se zřetelem na samouky /  |c F. Pilát 
250 |a Nové opr. 2. vyd. 
260 |a Brno :  |b Jaroslav Stožický,  |c [1943?] 
300 |a 56 s. 
910 |a BOA001  |b Mus1-0166.767 
990 |a MU 
991 |b 201101 
996 6 |b 2619354840  |c Mus1-0166.767  |l MZK  |r Sklad / do 1 hodiny  |n 0  |w 001166131  |u 000010  |a 1  |e BOA001  |j MZK50  |s P